Retail growth in central London eclipsed by Leeds (Record no. 117655)
[ view plain ]
| 000 -LEADER | |
|---|---|
| fixed length control field | 01079cam a2200229 4500 |
| 001 - CONTROL NUMBER | |
| control field | WB@3612-169 |
| 008 - FIXED-LENGTH DATA ELEMENTS--GENERAL INFORMATION | |
| fixed length control field | 040706n2004 000 0 eng u |
| 035 ## - SYSTEM CONTROL NUMBER | |
| System control number | (Sirsi) u126718 |
| 245 ## - TITLE STATEMENT | |
| Title | Retail growth in central London eclipsed by Leeds |
| 260 ## - PUBLICATION, DISTRIBUTION, ETC. | |
| Date of publication, distribution, etc. | 2004 |
| 490 ## - SERIES STATEMENT | |
| Series statement | Donaldsons Press Release |
| Volume/sequential designation | 28 June 2004 (3) |
| 520 ## - SUMMARY, ETC. | |
| Summary, etc. | The latest "Retail spotlight" research from Donaldsons shows that retail rental growth in Central London has cooled in comparison to regional centres such as Leeds and Liverpool, as well as other London locations such as Wandsworth and Hammersmith. The former tops the list with an annual rental growth of 7.8%, followed by Leeds and Liverpool at 4.&%. The full report can be found at http://www.donaldsons.co.uk/rcs/Reef/81610/pressof fice_pub/index.xml. |
| 590 ## - LOCAL NOTE (RLIN) | |
| Local note | WB |
| 590 ## - LOCAL NOTE (RLIN) | |
| Local note | WB |
| 650 ## - SUBJECT ADDED ENTRY--TOPICAL TERM | |
| Topical term or geographic name entry element | RETAIL RENTS |
| 650 ## - SUBJECT ADDED ENTRY--TOPICAL TERM | |
| Topical term or geographic name entry element | RENTAL GROWTH |
| 650 ## - SUBJECT ADDED ENTRY--TOPICAL TERM | |
| Topical term or geographic name entry element | RANKINGS |
| 650 ## - SUBJECT ADDED ENTRY--TOPICAL TERM | |
| Topical term or geographic name entry element | PROPERTY-COMMERCIAL PROPERTY-RETAIL PROPERTY-RETAIL PROPERTY MARKET |
| 650 ## - SUBJECT ADDED ENTRY--TOPICAL TERM | |
| Topical term or geographic name entry element | PRIME RENTS |
| 690 ## - LOCAL SUBJECT ADDED ENTRY--TOPICAL TERM (OCLC, RLIN) | |
| Topical term or geographic name as entry element | COMMERCIAL PROPERTY-MARKET |
| 942 ## - ADDED ENTRY ELEMENTS (KOHA) | |
| Suppress in OPAC | 0 |
| Withdrawn status | Lost status | Source of classification or shelving scheme | Damaged status | Not for loan | Home library | Current library | Shelving location | Date acquired | Total Checkouts | Full call number | Barcode | Date last seen | Copy number | Price effective from | Koha item type |
|---|---|---|---|---|---|---|---|---|---|---|---|---|---|---|---|
| Other/Generic Classification Scheme | London | London | News article | 06/07/2004 | WB@3612-169 | 126718-1001 | 06/08/2019 | 1 | 06/08/2019 | News article |